|
|
|
|
| LEADER |
01490nam a2200409Ia 4500 |
| 001 |
EBC3007551 |
| 003 |
MiAaPQ |
| 005 |
20200520144314.0 |
| 006 |
m o d | |
| 007 |
cr cn||||||||| |
| 008 |
040902s2004 ncua sb 000 0 eng d |
| 020 |
|
|
|z 9781932973259
|
| 020 |
|
|
|z 1882197836
|
| 035 |
|
|
|a (MiAaPQ)EBC3007551
|
| 035 |
|
|
|a (Au-PeEL)EBL3007551
|
| 035 |
|
|
|a (CaPaEBR)ebr10185363
|
| 035 |
|
|
|a (CaONFJC)MIL100131
|
| 035 |
|
|
|a (OCoLC)468771394
|
| 040 |
|
|
|a MiAaPQ
|c MiAaPQ
|d MiAaPQ
|
| 050 |
|
4 |
|a BF315.5
|b .C378 2004
|
| 082 |
0 |
4 |
|a 153.4/4
|2 21
|
| 100 |
1 |
|
|a Cartwright, Talula.
|
| 245 |
1 |
0 |
|a Developing your intuition
|h [electronic resource] :
|b a guide to reflective practice /
|c Talula Cartwright ; editor, Peter Scisco.
|
| 260 |
|
|
|a Greensboro, N.C. :
|b Center for Creative Leadership,
|c c2004.
|
| 300 |
|
|
|a 28 p. :
|b ill.
|
| 490 |
1 |
|
|a CCL No. 425
|
| 490 |
1 |
|
|a Ideas into action guidebooks
|
| 504 |
|
|
|a Includes bibliographical references.
|
| 533 |
|
|
|a Electronic reproduction. Ann Arbor, MI : ProQuest, 2015. Available via World Wide Web. Access may be limited to ProQuest affiliated libraries.
|
| 650 |
|
0 |
|a Insight.
|
| 650 |
|
0 |
|a Intuition.
|
| 655 |
|
4 |
|a Electronic books.
|
| 700 |
1 |
|
|a Scisco, Peter.
|4 edt
|
| 710 |
2 |
|
|a ProQuest (Firm)
|
| 830 |
|
0 |
|a Ideas into action guidebooks.
|
| 830 |
|
0 |
|a Report (Center for Creative Leadership) ;
|v no. 425.
|
| 856 |
4 |
0 |
|u https://ebookcentral.proquest.com/lib/matrademy/detail.action?docID=3007551
|z Click to View
|